Diafilm v materskej škole a jeho využitie v predškolskej výchove metodická príručka k súboru diafilmov pre materské školy

Bibliographic Details
Main Author: Princová, Ida (Author)
Format: Book
Language:Slovak
PhysicalDescription:[1], 188 s. 4°
Published: Bratislava Krajský pedagogický ústav 1971
Subjects:

MARC

LEADER 00000cam a2200000 a 4500
001 vtls008349453
003 SK-MaSNL
005 20260301135739.0
008 251124s1972 xo e 000 0 slo
015 |a SNBA1972/12-03110 
035 |a SK01SNK19720041670 
035 |a SKM000044133 
040 |a SNK  |b slo  |c SNK  |e AACR2 
041 0 |a slo 
044 |a xo  |c SK 
080 |a 373.24:371.6(072)  |2 1981 
100 1 |a Princová, Ida  |4 aut  |9 268985 
245 1 0 |a Diafilm v materskej škole a jeho využitie v predškolskej výchove  |b metodická príručka k súboru diafilmov pre materské školy  |c sprac.: Ida Princová 
260 |a Bratislava  |b Krajský pedagogický ústav  |c 1971 
300 |a [1], 188 s.  |c 4° 
563 |a Pre vnútornú potrebu 
650 0 7 |a diafilmy  |2 SNKPH  |9 104091 
650 0 7 |a materské školy  |2 SNKPH  |9 1278 
655 7 |a metodické príručky  |2 SNKPH  |9 70250 
958 |a OND 
958 |a RM 
958 |a RK 
999 |c 761249  |d 763179 
952 |a SNK  |b SNK  |y PREZ  |7 0  |p 17A0897693  |o snkSB 19013  |i snkKSP 1006/73  |0 0  |1 0  |4 0  |d 2015-06-17  |l 0  |r 2025-03-20 00:00:00  |w 2026-02-24 
952 |a SNK  |b SNK  |y PREZ  |7 0  |o snkSB 19013 D1  |i snkKSP 1007/73  |0 0  |1 0  |4 0  |d 2015-06-17  |l 0  |r 2026-02-24 00:04:30  |w 2026-02-24